000 00280nam a2200109Ia 4500
008 200302s9999 xx 000 0 und d
100 _aJohn Rahchman and Others
245 _aFrank repas Architecture
260 _bDesign Media Publishing (UK) Ltd.,
260 _c2014
300 _a269
999 _c7393
_d7393